00875nam a22002057a 450000500170000001000150001702000270003203500140005903700090007308200150008210000280009724500950012525000060022026000590022627001540028530000270043994200290046699900190049595201550051420251006162703.0 aENG-146955 c1599.00a9789357315487 aEN-130487 bDBAD a332.63221 aRustomjee, Adil 985384 aRunning behind Lakshmi: bThe Search for Wealth in India’s Stock Market/cAdil Rustomjee a1 aGurugrambHachette Book Publishing India Pvt.Ltdc2025 bGurugramaHachette Book Publishing India Pvt.Ltd 4th&5th Floors, Corporate Centre Plot No.94, Sector44, Gurugram Indiae122003mwww.hachetteindia.com axiii, 862p.c24cm (pb) 2ddccENh332.632mRUSe1 c213579d213579 001040718REFaLbLd2025-10-06eDelivery of Books Act Divisiong1599.00l0o332.632 RUSpEN-130487r2025-10-06 00:00:00t1v1599.00w2025-10-06yEN